| 000 | 00523nam a22001697a 4500 | ||
|---|---|---|---|
| 999 |
_c8618 _d8618 |
||
| 008 | 201208b ||||| |||| 00| 0 eng d | ||
| 040 | _aBMS College of Architecture | ||
| 100 | _aLakshmi, K Mounica | ||
| 245 | _aAmmara stupa history revival center | ||
| 300 | _a45p. | ||
| 500 | _a1BM12AY027 | ||
| 502 |
_8B,Arch _NBMS College of Architecture, Visvesvaraya Technological University (VTU) _aProject report _d2016 |
||
| 650 | _aNA | ||
| 700 |
_aSayee Deodhar _eGuide |
||
| 700 |
_aArun Chandhran _eGuide |
||
| 942 |
_2ddc _cTHE |
||